000 01329nam0a2200349 4500
001 RU\NLR\BIBL_A\012055647
005 20190726152909.0
010 _a978-5-04-102565-6
_91500
021 _aRU
_bКН-П-19-042618
_9КН-П-19-3123
035 _a(NLR Aleph) 012055647
035 _a(RuMoRGB)010007799
090 _a11674742
_c11674742
100 _a20190710d2019 u y0rusy50 ca
101 1 _arus
_ceng
102 _aRU
105 _ay|||z|||001zy
200 1 _aМагия обладания деньгами
_eкорейское искусство превращения мыслей в денежный поток
_fЛи Союн, Хон Чуён
_g[пер. с англ. Гардт А.Н.]
210 _aМосква
_cБомбора
_cЭксмо
_d2019
215 _a254, [1] с.
_d22
225 1 _aСам себе миллионер
320 _aАлф. указ.: с. 253-255
333 _a16+
606 1 _aДеньги
_xСоциально-психологические исследования
_2nlr_sh1
_2nlr_sh2
_3RU\NLR\AUTH\66366636
686 1 _aС550.423я9
700 0 _aЛи Союн
701 0 _aХон Чуён
942 _cBOOK
980 _aNBR
980 _aNB